|
|
|
|
| LEADER |
01221nam a22002417a 4500 |
| 008 |
130726b xxu||||| |||| 00| 0 eng d |
| 020 |
|
|
|a 9788126029792
|
| 082 |
|
|
|a 928.9413 MUH/JAY
|
| 100 |
|
|
|a ജയശ്രീ, കെ. എസ്.
|
| 240 |
|
|
|a N. P. Muhammed
|
| 245 |
|
|
|a എന്. പി. മുഹമ്മദ് /
|c കെ. എസ്. ജയശ്രീ
|
| 250 |
|
|
|a 1st ed.
|
| 260 |
|
|
|a ന്യൂഡല്ഹി :
|b സാഹിത്യ അക്കാദമി,
|c 2011.
|
| 300 |
|
|
|a 60p.
|
| 440 |
|
|
|a Bharatheeya sahithya shilpikal
|
| 600 |
|
|
|a Jayasree, K. S.
|
| 650 |
|
|
|a Biography
|
| 650 |
|
|
|a Literature
|
| 942 |
|
|
|2 ddc
|c BK
|
| 999 |
|
|
|c 1946
|d 1946
|
| 952 |
|
|
|0 0
|1 0
|2 ddc
|4 0
|6 928_941300000000000_MUHJAY
|7 0
|9 2138
|a MAIN
|b MAIN
|d 2013-07-26
|e Sahitya Akademi
|g 40.00
|l 1
|o 928.9413 MUH/JAY
|p 2452
|r 2014-07-04
|s 2014-07-03
|t 1
|w 2013-07-26
|y BK
|
| 952 |
|
|
|0 0
|1 0
|2 ddc
|4 0
|6 928_941300000000000_MUHJAY
|7 0
|9 2139
|a MAIN
|b MAIN
|d 2013-07-26
|e Sahitya Akademi
|g 40.00
|l 2
|o 928.9413 MUH/JAY
|p 2453
|r 2014-01-02
|s 2013-12-18
|t 2
|w 2013-07-26
|y BK
|
| 952 |
|
|
|0 0
|1 0
|2 ddc
|4 0
|6 928_941300000000000_MUHJAY
|7 0
|9 9055
|a MAIN
|b MAIN
|d 2014-04-30
|e Sahithya Akademi
|g 40.00
|l 1
|o 928.9413 MUH/JAY
|p 8410
|r 2018-01-12
|s 2017-12-30
|t 3
|w 2014-04-30
|y BK
|